000 00268nam a22001097a 4500
008 230620b xxu||||| |||| 00| 0 eng d
082 _a320.17
_bSCI 1965
245 _aEmergent Africa
260 _aLondon
_bChatto and Windus Ltd
_c1965
300 _a191p
942 _2ddc
_cBK
999 _c1628
_d1628